Touch (Lyrics)- Little Mix - Statistics

General Stats
  • This quiz has been taken 46 times
    45 since last reset
  • The average score is 434 of 476
Answer Stats
Answer % Correct
a
100%
and
100%
And
100%
I
100%
Just
100%
lo-ove
100%
love
100%
of
100%
to
100%
To
100%
touch
100%
You
100%
you
100%
your
100%
body
97%
else
97%
my
97%
no
97%
control
94%
enough
94%
me
94%
nobody
94%
all
91%
feel
91%
is
91%
it
91%
it?
91%
Don't
88%
don't
88%
So
88%
so
88%
take
88%
The
88%
the
88%
way
88%
whole
88%
got
85%
keep
85%
not
85%
time
85%
yourself
85%
Feeling
82%
felt
82%
first
82%
like
82%
never
82%
now
82%
spell
82%
Why
82%
am
79%
But
79%
faking
79%
feet
79%
for
79%
off
79%
on
79%
under
79%
feelings
76%
won't
76%
anticipation
73%
buttons
73%
Fingers
73%
I've
73%
knock
73%
Master
73%
Photograph
73%
playing
73%
that
73%
this
73%
week
73%
with
73%
you're
73%
something
70%
t-shirt
70%
be
67%
I'll
67%
long?
67%
making
67%
real
67%
secret
67%
tell
67%
wait
67%
promise
64%
how
61%
into
61%
could
58%
I'm
58%
afraid
55%
Can
55%
glowing?
55%
see
55%
That's
55%
'Cause
52%
emotions
52%
know
52%
golden
42%
fade
30%
doo-
27%
No matching quizzes found
Score Distribution
Percent of People with Each Score
Percentile by Number Answered
Your Score History
You have not taken this quiz since the last reset